[Event "Rimavska Sobota"]
[Site "Rimavska Sobota"]
[Date "1977.??.??"]
[Round "5"]
[White "Fichtl, Jiri"]
[Black "Bohosjan, Sarkis"]
[Result "1/2-1/2"]
[WhiteElo "2325"]
[BlackElo "2400"]

1.e4 d6 2.d4 g6 3.Nc3 Bg7 4.f4 c6 5.Nf3 Bg4 6.Be3 Qb6 7.Qd2 Bxf3 8.gxf3 Nd7
9.O-O-O Qa5 10.Kb1 b5 11.h4 Nb6 12.b3 Rb8 13.h5 Qb4 14.Ne2 Qxd2 15.Rxd2 e6
16.Ng3 Ne7 17.Rdh2 Kd7 18.Bd3 f5 19.hxg6 hxg6 20.Rh7 Rhg8 21.c3 a6 22.Kc2 Ke8
23.Ne2 Nd7 24.e5 Nd5 25.Bd2 N5b6 26.Ng1 c5 27.dxc5 dxc5 28.Nh3 Nf8 29.Rh4 Rh8
30.Rxh8 Bxh8 31.Ng5 Bg7 32.Be3 c4 33.Be2 Nd5 34.Bd2 Rc8 35.bxc4 bxc4 36.Bc1 Rc6
37.Rd1 Nb6 38.Ba3 Bh6 39.Rd4 Nfd7 40.Bd6 Nf8 41.Ba3 Nfd7 42.Bd6 Nf8  1/2-1/2

[Event "Sao Paulo"]
[Site "Sao Paulo"]
[Date "1977.??.??"]
[Round "12"]
[White "Rocha, Antonio"]
[Black "Benko, Pal C"]
[Result "1/2-1/2"]
[WhiteElo "2365"]
[BlackElo "2455"]

1.e4 g6 2.d4 d6 3.Nc3 Bg7 4.Nf3 c6 5.a4 Bg4 6.Be2 d5 7.O-O Nh6 8.h3 Bxf3
9.Bxf3 dxe4 10.Nxe4 Nf5 11.c3 Nd7 12.Bg4  1/2-1/2

[Event "Sochi"]
[Site "Sochi"]
[Date "1977.??.??"]
[Round "?"]
[White "Karner, Hillar"]
[Black "Ftacnik, Lubomir"]
[Result "1-0"]
[WhiteElo "2380"]
[BlackElo "2360"]

1.e4 g6 2.d4 Bg7 3.Nc3 d6 4.Be2 Nf6 5.h4 c5 6.e5 Nfd7 7.exd6 cxd4 8.Nb5 Na6
9.h5 e5 10.Nf3 Ndc5 11.c3 d3 12.Bxd3 e4 13.Bxe4 Nxe4 14.hxg6 fxg6 15.Qd5 Nf6
16.Qc4 Bf5 17.Ng5 Qd7 18.O-O Rc8 19.Re1+ Kf8 20.Nc7 Nxc7 21.dxc7 h6 22.Be3 Qxc7
23.Bc5+  1-0

[Event "Stary Smokovec"]
[Site "Stary Smokovec"]
[Date "1977.??.??"]
[Round "2"]
[White "Sznapik, Aleksander"]
[Black "Ftacnik, Lubomir"]
[Result "1-0"]
[WhiteElo "2405"]
[BlackElo "2350"]

1.e4 g6 2.d4 Bg7 3.Nc3 d6 4.f4 Nf6 5.Nf3 O-O 6.Be2 c5 7.dxc5 Qa5 8.O-O Qxc5+
9.Kh1 Nc6 10.Bd3 Bg4 11.Qe1 Rfc8 12.Be3 Qa5 13.Qg3 Bxf3 14.Qxf3 e6 15.Bd2 Qd8
16.f5 Ne5 17.Qh3 Nxd3 18.cxd3 Qd7 19.Bg5 Rf8 20.Qh4 Nh5 21.f6 h6 22.fxg7 hxg5
23.gxf8=Q+  1-0

[Event "Stary Smokovec"]
[Site "Stary Smokovec"]
[Date "1977.??.??"]
[Round "3"]
[White "Sikora Lerch, Jan"]
[Black "Sznapik, Aleksander"]
[Result "1/2-1/2"]
[WhiteElo "2405"]
[BlackElo "2405"]

1.e4 g6 2.d4 Bg7 3.Nc3 d6 4.f4 a6 5.Nf3 b5 6.a4 b4 7.Na2 Bb7 8.Bc4 d5 9.Bxd5 Bxd5
10.exd5 a5 11.c4 bxc3 12.Nxc3 Nf6 13.Qb3 O-O 14.Ne5 Ra6 15.O-O c6 16.dxc6 Qxd4+
17.Kh1 Nxc6 18.Qb5 Nb4 19.Qe2 Nfd5 20.Nxd5 Qxd5 21.Bd2 Re6 22.Bc3 Qa8 23.Bxb4 axb4
24.Qc4 Qa5 25.Rfe1 Bxe5 26.Rxe5 Rxe5 27.fxe5 e6 28.Qf4 Rd8 29.Rf1 Rd7 30.b3 Qc5
31.h3 Qe7 32.Qe3 Rd5 33.Rf4 Qg5 34.Qf3 Qe7 35.Re4 h5 36.Kh2 Kg7 37.Qf4 g5
38.Qf3 h4 39.Qh5 f5 40.exf6+ Qxf6 41.Qe2 Qc3 42.Rxe6 Qc7+  1/2-1/2

[Event "Stary Smokovec"]
[Site "Stary Smokovec"]
[Date "1977.??.??"]
[Round "5"]
[White "Novak, Ivan"]
[Black "Sznapik, Aleksander"]
[Result "1/2-1/2"]
[WhiteElo "2345"]
[BlackElo "2405"]

1.e4 g6 2.d4 Bg7 3.Nc3 d6 4.Nf3 Nf6 5.Be2 O-O 6.O-O c6 7.h3 Nbd7 8.a4 e5
9.dxe5 dxe5 10.Bc4 Qe7 11.Qe2 Nc5 12.a5 Ne6 13.Rd1 Nh5 14.Be3 Nhf4 15.Qf1 Qf6
16.Kh2 g5 17.Ne2 h5 18.Nfg1 g4 19.g3 Nxe2 20.Qxe2 Nd4 21.Bxd4 exd4 22.f4 gxf3
23.Qxf3 Qe5 24.Ne2 Be6 25.Bd3 f5 26.Nf4 fxe4 27.Qxe4 Qxe4 28.Bxe4 Bf5 29.Bxf5 Rxf5
30.Nd3 Re8 31.Rd2 Re3 32.Rg2 Kh7 33.Ra4 Rff3 34.b3 h4 35.gxh4 Rxh3+ 36.Kg1 Rxh4
37.Rc4 Rf3 38.a6 bxa6 39.Rxc6 Rf7 40.Rh2 Rxh2 41.Kxh2 a5 42.Kg2 Bh6 43.Ne5 Re7
44.Rc5 Bd2 45.Kf3 Bc3 46.Rd5 Kg7 47.Rd7  1/2-1/2

[Event "JUG-ch"]
[Site "Zagreb"]
[Date "1977.??.??"]
[Round "12"]
[White "Nikolac, Juraj"]
[Black "Sahovic, Dragutin"]
[Result "1/2-1/2"]
[WhiteElo "2475"]
[BlackElo "2460"]

1.d4 g6 2.e4 Bg7 3.Nc3 d6 4.Be2 a6 5.a4 Nf6 6.Nf3 O-O 7.O-O Nc6 8.h3 b6 9.Re1 Bb7
10.Bf4 Nd7 11.Bg5 h6 12.Bh4 Nb4 13.Qd2 a5 14.Rad1 Re8 15.Bf1 Nf8 16.d5 c6
17.dxc6 Bxc6 18.Nb5 Qc8 19.Nfd4 Bd7 20.Rc1 Ne6 21.c3 Na6 22.b3 Nac7 23.Bc4 Nxb5
24.Nxb5 Be5 25.Bxe6 Bxe6 26.f4 Bg7 27.c4 Qb7 28.Nc3 Bxc3 29.Rxc3 Kh7 30.Bf2 f6
31.Kh2 Rg8 32.Qd4 Rab8 33.g4 g5 34.f5 Bf7 35.Rg1 Be8 36.Kg2 Bc6 37.Kf3 Rge8
38.Re1 Kg7 39.Rce3 h5 40.gxh5 Rh8 41.Rg1 Kf7 42.Rg4 Rxh5 43.Kg2 Qc8 44.Rf3 Qb7
45.Qe3 Qa8 46.Qe2 Qb7 47.Kh2 Rbh8 48.Qd3 Rb8 49.Kg1 Rbh8 50.Qe3 Rb8 51.Kf1 Rbh8
52.Ke2 Rb8 53.Kd3 Rbh8 54.Kd2 Rb8 55.Qd3 Rbh8 56.Re3 Rb8 57.Qf1 Rbh8 58.Qg2 Ke8
59.Kd3 Kd7 60.Reg3 Kc7 61.Rf3 R8h7 62.Rfg3 Qa8 63.Qf3 Qb7 64.Qe3 Rh8 65.Rf3 R5h7
66.h4 gxh4 67.Rh3 Qb8 68.Rhxh4 Rxh4 69.Bxh4 Rh7 70.Bf2 Ba8 71.Kc3 Bc6 72.Qg3 Qb7  1/2-1/2

[Event "BCF-ch"]
[Site "Ayr"]
[Date "1978.08.08"]
[Round "2"]
[White "Findlay, David John"]
[Black "Botterill, George Steven"]
[Result "1/2-1/2"]
[WhiteElo "2290"]
[BlackElo "2400"]

1.e4 d6 2.d4 g6 3.Nc3 Bg7 4.Nf3 Nf6 5.h3 O-O 6.Bg5 Na6 7.e5 Nd7 8.Bc4 dxe5
9.Nd5 Re8 10.Nxe5 Bxe5 11.dxe5 c6 12.e6 cxd5 13.exf7+ Kxf7 14.Qxd5+ e6 15.Qxe6+ Rxe6+
16.Bxe6+ Kxe6 17.Bxd8 Nb4 18.O-O-O Nc6 19.Bc7 Kf7 20.Rhe1 Nf6 21.Be5 Nxe5
22.Rxe5 Bd7 23.Rde1 Re8 24.Rxe8 Bxe8 25.c4 Bc6 26.f3 Nh5 27.Re2 Nf4 28.Rd2 g5
29.b4 a6 30.Kc2 Ke6 31.Kb3 b5 32.c5 Bd5+ 33.Kc3 Ke5 34.g3 Nxh3 35.Rh2 Ng1
36.f4+ gxf4 37.gxf4+ Kxf4 38.Rxh7 Ne2+ 39.Kb2 Nd4 40.Rh6 Nc6  1/2-1/2

[Event "BCF-ch"]
[Site "Ayr"]
[Date "1978.08.12"]
[Round "6"]
[White "Findlay, David John"]
[Black "Taulbut, Shaun M"]
[Result "0-1"]
[WhiteElo "2290"]
[BlackElo "2405"]

1.e4 g6 2.d4 d6 3.Nc3 Bg7 4.Nf3 Nf6 5.h3 O-O 6.Bg5 d5 7.Bxf6 exf6 8.exd5 Nd7
9.Be2 Nb6 10.O-O Nxd5 11.Nxd5 Qxd5 12.c3 b6 13.Nd2 Rb8 14.Qb3 Qg5 15.Nf3 Qf4
16.Nh2 c5 17.Rad1 cxd4 18.Rxd4 Qc7 19.Qc4 Qe7 20.Re4 Be6 21.Qa6 f5 22.Ra4 Bc8
23.Qxa7 Qxe2 24.Qxb8 Be5 25.Qxb6 Bxh2+ 26.Kxh2 Qxf1 27.Ra8 Qc4 28.Qd6 f4
29.f3 Qb5 30.Rb8 Qg5 31.g3 fxg3+ 32.Qxg3 Qd2+ 33.Qg2 Qxg2+  0-1

[Event "BCF-ch"]
[Site "Ayr"]
[Date "1978.08.12"]
[Round "6"]
[White "Haygarth, Michael J"]
[Black "Hempson, Peter W"]
[Result "1-0"]
[WhiteElo "2360"]
[BlackElo "2235"]

1.d4 g6 2.e4 Bg7 3.Nc3 d6 4.Nf3 Bg4 5.Be2 Nc6 6.Be3 Bxf3 7.Bxf3 e5 8.Ne2 Nge7
9.Qd2 exd4 10.Nxd4 O-O 11.O-O Qd7 12.Rfe1 Rae8 13.Rad1 b6 14.Be2 Nxd4 15.Bxd4 Bxd4
16.Qxd4 Nc8 17.Bc4 Qg4 18.Rd3 Qf4 19.Rc3 Qe5 20.Qd2 Re7 21.Bd5 Kh8 22.Qh6 Qg7
23.Qxg7+ Kxg7 24.Kf1 g5 25.Ree3 h6 26.Rc6 Rd8 27.Rec3 Rdd7 28.h4 a5 29.hxg5 hxg5
30.Rg3 f6 31.Rcc3 Rd8 32.f4 Kg6 33.Rcf3 Rh7 34.fxg5 fxg5 35.Rf5 Rh1+ 36.Ke2 Ne7
37.Rfxg5+ Kf6 38.Bc4 Rdh8 39.R5g4 R8h4 40.Rf3+ Ke5 41.Rg5+  1-0

[Event "BCF-ch"]
[Site "Ayr"]
[Date "1978.08.15"]
[Round "8"]
[White "Plaskett, Jim"]
[Black "Taulbut, Shaun M"]
[Result "1-0"]
[WhiteElo "2410"]
[BlackElo "2405"]

1.e4 g6 2.d4 d6 3.Nc3 Bg7 4.Nf3 Nf6 5.Be2 O-O 6.O-O c6 7.h3 a5 8.Bf4 d5 9.e5 Ne8
10.Qd2 Na6 11.Rfe1 Nac7 12.Bd3 Ne6 13.Bh6 f5 14.exf6 exf6 15.Re2 Qd6 16.Rae1 b5
17.h4 Bd7 18.g3 N8c7 19.Nd1 b4 20.h5 g5 21.Ne3 Nf4 22.gxf4 Bxh6 23.Nf5 Bxf5
24.Bxf5 g4 25.Bxg4 f5 26.Bh3 Bxf4 27.Qd3 Qh6 28.Nh4 Qg5+ 29.Ng2 Bd6 30.Qf3 Nb5
31.c3 bxc3 32.bxc3 Na3 33.Kh1 f4 34.Bd7 Ra6 35.Re6 Nc4 36.Re8 Rb6 37.Rxf8+ Kxf8
38.Qh3 Qf6 39.Re8+ Kg7 40.h6+ Qxh6 41.Rg8+ Kxg8 42.Qxh6 Rb1+ 43.Kh2  1-0

[Event "IBM-B"]
[Site "Amsterdam"]
[Date "1978.??.??"]
[Round "2"]
[White "Taulbut, Shaun M"]
[Black "Hartoch, Robert G"]
[Result "1-0"]
[WhiteElo "2405"]
[BlackElo "2405"]

1.e4 g6 2.d4 Bg7 3.Nc3 d6 4.Nf3 Nf6 5.Be2 O-O 6.O-O Bg4 7.Be3 Nc6 8.Nd2 Bxe2
9.Qxe2 e5 10.d5 Ne7 11.Nc4 Qd7 12.f3 Rae8 13.Na5 b6 14.Nb3 Nh5 15.a4 a5 16.Qb5 Qd8
17.Qc4 Nc8 18.Nb5 Re7 19.Nc1 f5 20.Nd3 f4 21.Bd2 Bf6 22.b4 axb4 23.Nxb4 Rg7
24.Na6 Rff7 25.Ra3 Bh4 26.Rc3 Ng3 27.Re1 c5 28.dxc6 g5 29.Nac7 Rg6 30.hxg3 Bxg3
31.Kf1 g4 32.Ke2 gxf3+ 33.gxf3 Bxe1 34.Bxe1 Rg2+ 35.Kd1 Rg1 36.Qe6 Rg6 37.Qe8+ Qxe8
38.Nxe8 Kf8 39.Nec7 h5 40.Rd3 Rh7 41.Bh4 Rg1+ 42.Ke2 Rg2+ 43.Kf1 Rxc2 44.Ne6+ Kg8
45.Nxd6 Rxc6 46.Nf5 Rxe6 47.Rd8+ Kf7 48.Rxc8 Kg6 49.Rg8+ Kf7 50.Rb8 Kg6 51.Kg2 Ra7
52.Kh3 Rxa4 53.Rb7  1-0

[Event "IBM-B"]
[Site "Amsterdam"]
[Date "1978.??.??"]
[Round "3"]
[White "Hartoch, Robert G"]
[Black "Van Wijgerden, Cornelis"]
[Result "1/2-1/2"]
[WhiteElo "2405"]
[BlackElo "2435"]

1.e4 g6 2.d4 Bg7 3.Nc3 d6 4.Be3 c6 5.Qd2 Nd7 6.Nf3 Ngf6 7.Bh6 O-O 8.Bxg7 Kxg7
9.O-O-O Qa5 10.Kb1 e5 11.h4 h5 12.Ng5 b5 13.f3 Nb6 14.a3 Rb8 15.Na2 Qxd2
16.Rxd2 exd4 17.Rxd4 d5  1/2-1/2

[Event "IBM-B"]
[Site "Amsterdam"]
[Date "1978.??.??"]
[Round "3"]
[White "Ligterink, Gert"]
[Black "Taulbut, Shaun M"]
[Result "1/2-1/2"]
[WhiteElo "2440"]
[BlackElo "2405"]

1.e4 g6 2.d4 d6 3.Nc3 Bg7 4.f4 Nf6 5.Nf3 O-O 6.Be2 c5 7.dxc5 Qa5 8.O-O Qxc5+
9.Kh1 Nbd7 10.Bd3 a6 11.a4 b6 12.Qe1 Bb7 13.Be3 Qc7 14.Qh4 e6 15.Rae1 Rae8
16.e5 Nd5 17.Nxd5 Bxd5 18.Bd4 Nc5  1/2-1/2

[Event "IBM-B"]
[Site "Amsterdam"]
[Date "1978.??.??"]
[Round "7"]
[White "Van der Sterren, Paul"]
[Black "Van Wijgerden, Cornelis"]
[Result "1-0"]
[WhiteElo "2400"]
[BlackElo "2435"]

1.e4 g6 2.d4 Bg7 3.Nc3 d6 4.f4 Nf6 5.Nf3 c5 6.Bb5+ Bd7 7.Bxd7+ Nfxd7 8.d5 Na6
9.Qe2 O-O 10.O-O Nc7 11.a4 b6 12.Rd1 a6 13.Kh1 Rb8 14.a5 b5 15.e5 b4 16.Ne4 Nb5
17.e6 fxe6 18.dxe6 Nf6 19.Nxc5 Qc8 20.Nb3 Qc6 21.Nbd4 Qe4 22.Qxe4 Nxe4 23.Be3 Rfc8
24.Re1 Rc4 25.Rad1 Nf6 26.b3 Rcc8 27.Bg1 Nd5 28.g3 Ndc3 29.Rd3 Nxd4 30.Bxd4 Rb5
31.Bxg7 Kxg7 32.Rd4 Nd5 33.Rc4 Rcc5 34.Nd4 Rxa5 35.Nc6 Ra2 36.Rxc5 dxc5 37.Re5 Ra1+
38.Kg2 Rd1 39.Kf3 Rd2 40.h4 Nc7 41.Rxc5 Nxe6 42.Re5 Rd6 43.Nxb4 Kf7 44.c3 Rb6
45.Ke3 Nc7 46.Rc5 Rb7 47.Kd3 Ke8 48.Kc2 Kd7 49.h5 Ke8 50.hxg6 hxg6 51.Rc6 a5
52.Nd3 g5 53.fxg5 Nb5 54.g6 Nd6 55.Ra6  1-0

[Event "IBM-B"]
[Site "Amsterdam"]
[Date "1978.??.??"]
[Round "9"]
[White "Van der Sterren, Paul"]
[Black "Hartoch, Robert G"]
[Result "1/2-1/2"]
[WhiteElo "2400"]
[BlackElo "2405"]

1.e4 g6 2.d4 Bg7 3.Nc3 d6 4.f4 c6 5.Nf3 Qb6 6.Bc4 Nh6 7.h3 e6 8.Bb3 d5 9.e5 Nf5
10.g4 Ne7 11.Be3 Qc7 12.Ne2 Nd7 13.Ng3 Nb6 14.c3 Bd7 15.Bc2 Nc4 16.Bc1 f5
17.b3 Nb6 18.Ba3 Nbc8 19.Qe2 O-O 20.gxf5 exf5 21.h4 Bh6 22.Ng5 Bxg5 23.hxg5 Be6
24.Rh6 c5 25.dxc5 d4 26.c6 Qxc6 27.c4 b5 28.Bd3 Rb8 29.Rd1 bxc4 30.Bxc4 Bxc4
31.Qxc4+ Qxc4 32.bxc4 Rd8  1/2-1/2

[Event "IBM-B"]
[Site "Amsterdam"]
[Date "1978.??.??"]
[Round "12"]
[White "Borm, Franciscus WM"]
[Black "Taulbut, Shaun M"]
[Result "1-0"]
[WhiteElo "2260"]
[BlackElo "2405"]

1.e4 g6 2.d4 d6 3.Nc3 Bg7 4.Nf3 Nf6 5.h3 O-O 6.Be3 c6 7.a4 a5 8.Be2 Na6 9.O-O d5
10.e5 Ne8 11.Qd2 Nac7 12.Bh6 f6 13.Bxg7 Nxg7 14.Rfe1 b6 15.Rad1 Nce6 16.Bf1 f5
17.Rb1 f4 18.b4 axb4 19.Rxb4 Ba6 20.Reb1 Bxf1 21.Kxf1 c5 22.Rxb6 Nxd4 23.Nxd4 cxd4
24.Ne2 f3 25.Nxd4 fxg2+ 26.Kxg2 Qe8 27.a5 Qa4 28.R1b4 Qxa5 29.Nc6 Qa3 30.Nxe7+ Kh8
31.Nxg6+ hxg6 32.Rh4+ Kg8 33.Qxd5+ Rf7 34.Rf4 Qa2 35.Rb8+ Kh7  1-0

[Event "IBM-B"]
[Site "Amsterdam"]
[Date "1978.??.??"]
[Round "13"]
[White "Bohm, Hans"]
[Black "Hartoch, Robert G"]
[Result "1-0"]
[WhiteElo "2410"]
[BlackElo "2405"]

1.e4 g6 2.d4 Bg7 3.Nc3 d6 4.f4 c6 5.Nf3 Qb6 6.Qd3 Nf6 7.Be2 O-O 8.O-O d5
9.e5 Ne4 10.Nxe4 dxe4 11.Qxe4 Bf5 12.Qe3 Bxc2 13.b3 Bf5 14.Ba3 Re8 15.Ng5 h6
16.g4 hxg5 17.gxf5 gxf5 18.fxg5 e6 19.Bc5 Qd8 20.h4 Nd7 21.Bd6 Bf8 22.Bxf8 Nxf8
23.h5 Re7 24.Rad1 Rd7 25.Bf3 Qb6 26.Rf2 Rad8 27.Rfd2 Qb4 28.Kf1 a5 29.a4 Kg7
30.Rd3 Kg8 31.Ke2 Re8 32.Qd2 Qxd2+ 33.R1xd2 Red8 34.Ke3 Nh7 35.Rg2 f4+ 36.Kxf4 Rxd4+
37.Rxd4 Rxd4+ 38.Be4 Nf8 39.Rg3 Nd7 40.Rd3 Rxd3 41.Bxd3 Nc5 42.Bc2 Na6 43.h6 Nb4
44.g6 fxg6 45.Bxg6 b5 46.Kg5 Nd5 47.Be8 bxa4 48.bxa4 c5 49.Bd7 Nc7 50.Bb5 Kh7
51.Bd3+ Kg8 52.Bc4 Kh7 53.Kh5 Kh8 54.Kg6 Kg8 55.h7+ Kh8 56.Bb3 c4 57.Bxc4 Na6
58.Bxe6 Nc5 59.Bf5 Nd3 60.e6 Nf4+ 61.Kf7  1-0

[Event "URS-FL"]
[Site "Ashkhabad"]
[Date "1978.??.??"]
[Round "8"]
[White "Sveshnikov, Evgeny"]
[Black "Tseshkovsky, Vitaly"]
[Result "0-1"]
[WhiteElo "2565"]
[BlackElo "2550"]

1.e4 g6 2.d4 Bg7 3.Nc3 d6 4.Be3 c6 5.g3 d5 6.e5 f6 7.f4 Nh6 8.h3 Nd7 9.Qd2 Nf8
10.Nf3 a6 11.Bf2 Ne6 12.O-O-O b5 13.g4 f5 14.g5 Nf7 15.h4 Qc7 16.h5 Rg8 17.Nh4 Nh8
18.b3 Nd8 19.Kb2 e6 20.a4 Bf8 21.Ra1 Rb8 22.axb5 cxb5 23.Bg2 Bb7 24.Ne2 Nc6
25.Kc1 Rc8 26.Kd1 a5 27.Rh3 b4 28.Bf1 Ba6 29.Ng3 Bxf1 30.Nxf1 Na7 31.Ng3 Nb5
32.Ne2 Nf7 33.hxg6 hxg6 34.Ng2 Nd8 35.Ne3 Qb6 36.Ke1 Rg7 37.Kf1 Rgc7 38.Kg2 Na3
39.Rc1 Nf7 40.Qd3 Qb5 41.Qxb5+ Nxb5 42.Be1 Na3 43.c3 a4 44.bxa4 b3 45.Nd1 Rb8
46.Nb2 Nd8 47.Rd1 Nc4 48.Rb1 Ra7 49.Kf1 Nxb2 50.Rxb2 Rxa4 51.Nc1 Ra3 52.Rh7 Nc6
53.Ke2 Na5 54.Ra7 Ra1 55.Rxa5 Rxa5 56.Rxb3 Rxb3 57.Nxb3 Ra3 58.Nc1 Kd7 59.Kd3 Kc6
60.Kc2 Kb5 61.Bd2 Kc4 62.Nd3 Ra2+ 63.Nb2+ Kb5 64.Kb1 Ra7 65.Kc2 Ra1 66.Nd1 Ba3
67.Ne3 Rh1 68.Nd1 Rf1 69.Ne3 Rg1 70.Nd1 Ka4 71.Ne3 Kb5 72.Nd1 Ka4 73.Ne3 Rh1
74.Nd1 Rxd1 75.Kxd1 Kb3 76.Ke2 Kc4  0-1

[Event "FRG-ch"]
[Site "Bad Neuenahr"]
[Date "1978.??.??"]
[Round "6"]
[White "Podzielny, Karl Heinz"]
[Black "Rostalski, Walter"]
[Result "0-1"]
[WhiteElo "2315"]
[BlackElo "2380"]

1.e4 g6 2.d4 Bg7 3.Nc3 d6 4.Nf3 Nf6 5.Be2 O-O 6.O-O Bg4 7.Be3 Nc6 8.d5 Bxf3
9.Bxf3 Na5 10.Be2 c5 11.Qd2 a6 12.a4 Re8 13.Rfd1 Nd7 14.Rab1 Qc7 15.f4 Reb8
16.Qe1 b6 17.Qh4 c4 18.Bf3 Nc5 19.e5 b5 20.axb5 axb5 21.Kh1 b4 22.Ne2 b3
23.cxb3 Naxb3 24.Nd4 Nxd4 25.Bxd4 Nd3 26.Be4 dxe5 27.fxe5 Bxe5 28.d6 Qxd6
29.Bxe5 Qxe5 30.Bxa8 Rxa8 31.Rf1 Qc5 32.Qg3 Rd8 33.Rbd1 e5 34.Qf3 Qd5 35.Qe2 Rb8
36.Rd2 e4 37.Qe3 Rd8 38.g3 f5 39.Ra1 Qf7 40.Qb6 Qd5 41.Ra5 Qd4 42.Qxd4 Rxd4
43.Re5 Kf7 44.Kg1 Nxe5  0-1

[Event "Beersheba"]
[Site "Beersheba"]
[Date "1978.??.??"]
[Round "3"]
[White "Murrey, Jacob"]
[Black "Kagan, Shimon"]
[Result "0-1"]
[WhiteElo "2420"]
[BlackElo "2465"]

1.d4 g6 2.e4 Bg7 3.Nc3 d6 4.Be2 a6 5.Nf3 b5 6.O-O Nd7 7.a4 b4 8.Nd5 a5 9.Bc4 c6
10.Ng5 Nh6 11.Nf4 Nb6 12.Bb3 O-O 13.h4 d5 14.e5 e6 15.c3 bxc3 16.bxc3 Nf5
17.Qg4 h6 18.Nf3 Ba6 19.Re1 Nc4 20.Bc2 Bc8 21.h5 g5 22.Nd3 f6 23.Rb1 Qc7
24.exf6 Rxf6 25.Nfe5 Nxe5 26.dxe5 Rf7 27.Ba3 Rb8 28.Rxb8 Qxb8 29.f4 gxf4
30.Nxf4 Qa7+ 31.Kh2 Ne3 32.Rxe3 Qxe3 33.Nd3 Qg5 34.Qxg5 hxg5 35.Bd6 Rf1 36.Kg3 Kf7
37.Nf2 Rc1 38.Bg6+ Kg8 39.Kg4 Bh6 40.Nh3 Rxc3 41.Be7 Rc4+ 42.Kg3 Rc3+ 43.Kg4 Ba6
44.Nxg5 Be2+ 45.Kh4 Rc4+ 46.Kh3 Bg4+ 47.Kh2 Bxh5 48.Bh7+ Kh8 49.Bd3 Bxg5
50.Bxg5 Rxa4  0-1

[Event "Beersheba"]
[Site "Beersheba"]
[Date "1978.??.??"]
[Round "8"]
[White "Murrey, Jacob"]
[Black "Keene, Raymond D"]
[Result "1-0"]
[WhiteElo "2420"]
[BlackElo "2480"]

1.e4 g6 2.d4 Bg7 3.Nc3 d6 4.Be2 Nf6 5.e5 Nfd7 6.exd6 cxd6 7.Nf3 O-O 8.O-O Nf6
9.h3 d5 10.Bd3 Nc6 11.a3 Bf5 12.Re1 Bxd3 13.Qxd3 e6 14.Bg5 Qb6 15.Rad1 Rac8
16.b4 Qc7 17.Nb5 Qb6 18.Ne5 Nb8 19.Re3 a6 20.Bxf6 Bxf6 21.Nc3 Bxe5 22.dxe5 Qc7
23.Qe2 Nc6 24.Na4 Ne7 25.Rc3 Qd8 26.Nc5 b6 27.Nb7 Qd7 28.Rxc8 Qxc8 29.Nd6 Qc3
30.Rd3 Qa1+ 31.Kh2 Nc6 32.f4 f6 33.Qg4 Nd8 34.c4 dxc4 35.Nxc4 Qf1 36.Rd4 f5
37.Qh4 Nf7 38.Nxb6 g5 39.Qh6 Qf2 40.Nd7 Nxe5 41.Nxf8  1-0

[Event "Beersheba"]
[Site "Beersheba"]
[Date "1978.??.??"]
[Round "8"]
[White "Formanek, Edward W"]
[Black "Birnboim, Nathan"]
[Result "1/2-1/2"]
[WhiteElo "2410"]
[BlackElo "2465"]

1.e4 g6 2.d4 Bg7 3.Nc3 d6 4.Be3 Nf6 5.Qd2 c6 6.f3 Nbd7 7.Nge2 b5 8.Ng3 Qa5
9.Be2 h5 10.O-O O-O 11.Rfd1 b4 12.Nb1 c5 13.Na3 cxd4 14.Bxd4 Nxe4 15.Nxe4 Bxd4+
16.Qxd4 bxa3 17.b4 Qb6 18.Rab1 Bb7 19.Nc5 Bc6 20.Nxd7 Bxd7 21.b5 Rfc8 22.c4 Bf5
23.Rb4 Rc5 24.Ra4 a6 25.Rxa3 Ra7 26.Rd2 Be6 27.Kf2 Bc8 28.Rb2 a5 29.Re3 Rac7
30.f4 Be6 31.Bd3 Bc8 32.h3 Kh7 33.Kg1 R5c6 34.Qxb6 Rxb6 35.Rbe2 e6 36.g4 hxg4
37.hxg4 Kg7 38.Kf2 Rc5 39.Rd2 Bb7 40.Be2 d5 41.cxd5 Bxd5 42.Ra3 Rbxb5 43.Bxb5 Rxb5
44.g5 Rc5 45.Re3 Rc4 46.Kg3 a4 47.Red3 Rc1 48.Kf2 Rh1 49.Rd4 Bxa2 50.Rxa4 Bd5
51.Ke3 Rh4 52.Ra7 Rg4 53.Rc7 Rh4 54.Rf2 e5 55.fxe5 Re4+ 56.Kd3 Rxe5 57.Kd4 Rxg5
58.Rc5 Rg2 59.Rxg2 Bxg2 60.Rc2 Bh3 61.Ke5 f6+ 62.Kf4 g5+  1/2-1/2

[Event "Bogota"]
[Site "Bogota"]
[Date "1978.??.??"]
[Round "?"]
[White "Velandia, Norberto"]
[Black "Sigurjonsson, Gudmundur"]
[Result "1-0"]
[WhiteElo "2220"]
[BlackElo "2500"]

1.d4 g6 2.e4 Bg7 3.Nc3 d6 4.Bg5 a6 5.Qd2 b5 6.f3 Nd7 7.a4 b4 8.Nd1 a5 9.c3 bxc3
10.bxc3 Ngf6 11.Bh6 O-O 12.Nh3 e5 13.Bxg7 Kxg7 14.Nhf2 Qe7 15.Bb5 Ba6 16.Bxa6 Rxa6
17.Ne3 d5 18.dxe5 Qxe5 19.f4 Qe6 20.e5 Nh5 21.Nxd5 Nxe5 22.fxe5 Re8 23.O-O-O Kh8
24.g4 Ng7 25.Ne4 Rc6 26.Kc2 Rc4 27.Rhe1 Qc6 28.Rb1 Ne6 29.Nef6 Qxa4+ 30.Rb3 Nd4+
31.Qxd4 Rxd4 32.cxd4 Qa2+ 33.Rb2 Qc4+  1-0

[Event "HUN-ch"]
[Site "Budapest"]
[Date "1978.??.??"]
[Round "?"]
[White "Dely, Peter"]
[Black "Kovacs, Laszlo M"]
[Result "1-0"]
[WhiteElo "2445"]
[BlackElo "2400"]

1.e4 g6 2.d4 Bg7 3.Nc3 d6 4.Nf3 Nf6 5.Bf4 O-O 6.Qd2 c6 7.Bh6 Bg4 8.Bxg7 Kxg7
9.Qf4 Bxf3 10.Qxf3 Nbd7 11.Be2 e5 12.dxe5 dxe5 13.O-O-O Qe7 14.h4 Nc5 15.Qe3 Ne6
16.h5 Qc5 17.Qg3 g5 18.h6+ Kh8 19.b4 Qxb4 20.Qxe5 Qe7 21.Rd7 Qxd7 22.Qxf6+ Kg8
23.Rh5 Rfd8 24.Rxg5+ Kf8 25.Rf5 b5 26.Bh5 Qd2+ 27.Kb2 Rd7 28.Qxe6  1-0

[Event "Buenos Aires ol (Men)"]
[Site "Buenos Aires"]
[Date "1978.??.??"]
[Round "?"]
[White "Ljubojevic, Ljubomir"]
[Black "Sznapik, Aleksander"]
[Result "1-0"]
[WhiteElo "2605"]
[BlackElo "2430"]

1.e4 g6 2.d4 Bg7 3.Nc3 d6 4.f4 a6 5.Nf3 b5 6.Bd3 Bb7 7.a4 b4 8.Ne2 Nd7 9.c3 bxc3
10.bxc3 c5 11.Rb1 Rb8 12.O-O cxd4 13.cxd4 Ngf6 14.e5 Nd5 15.Ng5 e6 16.Ne4 O-O
17.Nxd6 Ba8 18.Bd2 Rb6 19.Qc2 Rc6 20.Qa2 Rxd6 21.exd6 N7f6 22.Qa3 Ne8 23.Bxa6 Nxd6
24.Rfc1 Qd7 25.a5 Nc7 26.Bd3 Ndb5 27.Qc5 Nxd4 28.Bc3 e5 29.Nxd4 exd4 30.Bd2 Nd5
31.Bb5 Qg4 32.Bc6 Bxc6 33.Qxc6 Nc3 34.Bxc3 dxc3 35.Qd6 Qe2 36.h3 c2 37.Rb3 Bb2
38.Rb8 Bg7 39.Kh2 h5 40.a6 Qf2 41.Rxc2 Qxc2 42.a7 Qa4 43.Rxf8+ Bxf8 44.Qb8  1-0

[Event "Buenos Aires ol (Men)"]
[Site "Buenos Aires"]
[Date "1978.??.??"]
[Round "?"]
[White "Sax, Gyula"]
[Black "Schussler, Harry"]
[Result "1-0"]
[WhiteElo "2550"]
[BlackElo "2365"]

1.e4 g6 2.d4 Bg7 3.Nc3 d6 4.Nge2 Nf6 5.g3 O-O 6.Bg2 e5 7.O-O Nc6 8.dxe5 dxe5
9.Bg5 Nd4 10.Nxd4 Qxd4 11.Qc1 c6 12.Be3 Qb4 13.a3 Qe7 14.h3 Ne8 15.Qd2 Nc7
16.Rad1 Be6 17.f4 Bc4 18.Rf2 Rfd8 19.Qe1 Rxd1 20.Nxd1 Ne6 21.f5 Nd4 22.Bf1 Bxf1
23.Qxf1 gxf5 24.exf5 Bf6 25.c3 Nb5 26.Rd2 Bg5 27.a4 Nc7 28.h4 Bxe3+ 29.Nxe3 Kh8
30.Qd3 Rg8 31.Kf2 f6 32.Qd7 Qxd7 33.Rxd7 Rg7 34.Rd6 Rf7 35.Nc4 Kg7 36.Rd8 Nd5
37.Nd6 Re7 38.Ne4 b6 39.Rd6 Rc7 40.c4 Nb4 41.Nxf6 Nd3+ 42.Ke2  1-0

[Event "Buenos Aires ol (Men)"]
[Site "Buenos Aires"]
[Date "1978.??.??"]
[Round "?"]
[White "Janetschek, Karl"]
[Black "Kan, Wai S"]
[Result "1/2-1/2"]
[WhiteElo "2330"]
[BlackElo "2340"]

1.e4 d6 2.d4 g6 3.Nc3 Bg7 4.Nf3 Nf6 5.Be2 O-O 6.O-O c6 7.Be3 Nbd7 8.a4 h6
9.h3 b6 10.Qd2 Kh7 11.Nh2 d5 12.e5 Ng8 13.f4 e6 14.g4 f5 15.exf6 Bxf6 16.Nf3 c5
17.Rad1 Bg7 18.Rf2 Ne7 19.Bf1 Bb7 20.Bg2 Nc6 21.Ne2 Rc8 22.c3 Na5 23.Qc2 Nc4
24.Bc1 Nd6 25.Ne5 Ne4 26.Bxe4 dxe4 27.Nxd7 Qxd7 28.dxc5 Qc6 29.Be3 bxc5 30.Ng3 Rcd8
31.Rfd2 Rd5 32.c4 Rxd2 33.Qxd2 Rf7 34.b4 Qxa4 35.Bxc5 Bc3 36.Qe2 Rxf4 37.b5 Rf7
38.Nxe4 Bxe4 39.Rc1 Rf4 40.Be3 Bf3 41.Qf2 Rxc4 42.Qxf3 Bg7 43.Rxc4 Qxc4 44.Qb7 Qd3
45.Bxa7 Qxh3 46.Qe4 Qg3+ 47.Kf1 Qe5 48.Qxe5 Bxe5 49.Ke2 Bh2 50.Kf3 h5 51.gxh5 gxh5
52.Bf2 Bd6 53.Bg3 Bc5 54.Bc7 Kg6 55.b6  1/2-1/2

[Event "Buenos Aires ol (Men)"]
[Site "Buenos Aires"]
[Date "1978.??.??"]
[Round "?"]
[White "Delgado, R."]
[Black "Zarco, C."]
[Result "1-0"]
[WhiteElo "2300"]
[BlackElo "2200"]

1.e4 d6 2.d4 g6 3.Nc3 Bg7 4.f4 Nf6 5.Bc4 O-O 6.e5 dxe5 7.dxe5 Qxd1+ 8.Kxd1 Ng4
9.Ke2 c6 10.h3 Nh6 11.g4 Kh8 12.Ne4 b6 13.Kf2 Bb7 14.Nf3 c5 15.Neg5 Nc6 16.Bd5 Rab8
17.c3 Nd8 18.Rd1 f6 19.exf6 exf6 20.Ne4 f5 21.Bxb7 Nxb7 22.gxf5 Nxf5 23.Rd7 Rfd8
24.Rxd8+ Rxd8 25.Bd2 h6 26.Ne5 Kh7 27.Re1 Nbd6 28.Nxd6 Rxd6 29.Bc1 Bf6 30.Nf3 a5
31.Re4 Kg7 32.a4 Kf7 33.Ne5+ Bxe5 34.Rxe5 Rd1 35.Re1 Rxe1 36.Kxe1 Ke6 37.c4 Nd6
38.b3 Kf5 39.Ke2 Ke4 40.Bb2 Kxf4 41.Bc1+ Kg3 42.Bxh6 Kxh3 43.Bf4 Nf5 44.Kd3 Ne7
45.Bc7 Nc8 46.Ke4 g5 47.Kf5 g4 48.Ke6 g3 49.Bxg3 Kxg3 50.Kd7 b5 51.Kxc8 bxc4
52.bxc4 Kf4 53.Kc7 Ke5 54.Kc6  1-0

[Event "Buenos Aires ol (Men)"]
[Site "Buenos Aires"]
[Date "1978.??.??"]
[Round "?"]
[White "Campora, Daniel H"]
[Black "Mendivil, Ismael"]
[Result "1-0"]
[WhiteElo "2370"]
[BlackElo "2200"]

1.e4 g6 2.d4 Bg7 3.Nc3 d6 4.Be3 Nf6 5.Be2 O-O 6.Qd2 Re8 7.O-O-O c6 8.Bh6 Bh8
9.h4 b5 10.Bf3 Qa5 11.Kb1 Be6 12.d5 Bd7 13.h5 e5 14.hxg6 hxg6 15.Qg5 Qb4
16.a3 Qa5 17.Qh4 b4 18.Na2 bxa3 19.Bd2  1-0